Miracles of Muhammad (Record no. 2678)
[ view plain ]
| 000 -LEADER | |
|---|---|
| fixed length control field | 00578nam a2200241 a 4500 |
| 020 ## - INTERNATIONAL STANDARD BOOK NUMBER | |
| ISBN | |
| 082 00 - DEWEY DECIMAL CLASSIFICATION NUMBER | |
| Classification number | 297.63 |
| Author Cutter | KID |
| 100 ## - MAIN ENTRY--AUTHOR NAME | |
| Author name | Kidwai, Shaikh M H |
| 245 ## - TITLE STATEMENT | |
| Title | Miracles of Muhammad |
| 260 ## - PUBLICATION, DISTRIBUTION, ETC. (IMPRINT) | |
| Place of publication | London |
| Name of publisher | Luzac and Company Ltd. |
| Year of publication | 1906 |
| 300 ## - PHYSICAL DESCRIPTION | |
| Number of Pages | 59p |
| 500 ## - GENERAL NOTE | |
| General note | includes index and biblioraphy |
| 505 2# - FORMATTED CONTENTS NOTE | |
| Formatted contents note | Index |
| 650 ## - SUBJECT ADDED ENTRY--TOPICAL TERM | |
| Topical Term | Muhammad, Prophet |
| 942 ## - ADDED ENTRY ELEMENTS (KOHA) | |
| Koha item type | Books |
| 700 1# - | |
| -- | Kidwai, Shaikh M H |
| Home library | Current library | Date acquired | Cost, normal purchase price | Full call number | Accession Number | Koha item type |
|---|---|---|---|---|---|---|
| Henry Martyn Institute Library | Henry Martyn Institute Library | 07/10/2007 | 100.00 | 297.63 KID | 1089 | Archive Book |
